000 00706nam a22002297a 4500
003 UA-OsUOA
001 57478
007 ta
008 20081224b un ||||| |||| 00| 0 ukr d
100 _aБезугла В.О.
700 _aШаповал Л.П.
090 _a330(477)
_bБ-12
942 _cSA
040 _aUA-OsUOA
_bukr
_cUA-OsUOA
_dUA-OsUOA
245 _aПерспективи залучення фінансових ресурсів в економіку України
300 _aС.104-110
955 _a0
041 _aukr
080 _a330(477)
773 0 _w57477
_tРегіональна економіка
_dЛьвів
_d2008
_g3
650 7 _a330 Економіка взагалі
_2UDC
999 _c343502
_d343502